00452 2200181 4500001002100000005001500021008004100036020002200077035001900099041000700118082000800125090001400133100001800147245005100165260001600216300002100232650001700253INLIS00000000000709820241224113418241224||||||||| | ||| |||| || |  a978-979-066-025-0 0010-1224007098 aid0 a813 a813 RID u0 aRidwan Abqary00aUsamah bin Zaid: Panglima Kecintaan Rasulullah bMizanc2009 a120 HLM,;19,5 CM 0aKesusastraan